Word Ladder: When Juniors Return to School Quiz Stats

Quiz Updated Sep 18, 2017

Challenge
Share
Tweet
Embed
Score 0/12 Timer 02:00
0 Plays Today
Clue 4-Letter Word % Correct
Send a message on your phoneTEXT
99.4%
Like a 7-foot personTALL
96.4%
Lima, pinto, mung, e.g.BEAN
96%
Teacher's assessment toolTEST
95.5%
Appetizer, main dish, and dessert MEAL
95.2%
Like a bullyMEAN
95.1%
Subsequent•NEXT•
94.6%
TattleTELL
94.3%
Strike or punchBEAT
93%
Blue-green duckTEAL
92.5%
The topBEST
92.2%
Result of a trip•FALL•
87.7%

Today's Daily Dose

You're not logged in!

Compare scores with friends on all Sporcle quizzes.
Sign Up with Email
OR
Log In

You Might Also Like...

Show Comments

Extras

Top Quizzes Today


Score Distribution

Your Account Isn't Verified!

In order to create a playlist on Sporcle, you need to verify the email address you used during registration. Go to your Sporcle Settings to finish the process.

Report this User

Report this user for behavior that violates our Community Guidelines.

Details: